| 000 | 00808nam a22002057a 4500 | ||
|---|---|---|---|
| 999 |
_c15404 _d15404 |
||
| 003 | AR-CdUCM | ||
| 008 | 190427b ||||| |||| 00| 0 spa d | ||
| 040 |
_aMUNICIPALIDAD PROVINCIAL DEL CUSCO _cBIBLIOTECA MUNICIPAL DEL CUSCO |
||
| 082 |
_a501 / _bE23 / 1944 |
||
| 100 |
_aEddington, Arthur _934465 |
||
| 245 | _aLa filosofía de la ciencia física / | ||
| 260 |
_aBuenos Aires : _bSudamericana, _c1944. |
||
| 300 |
_a306 paginas ; _c19 cm. |
||
| 440 |
_aColección ciencia y cultura _926334 |
||
| 505 | _aContenido :Epistemología científica --Subjetivismo selectivo --Inobservables --El alcance del método epistemológico --La epistemología y la teoría de la relatividad ... | ||
| 650 |
_aFilosofía _9395 |
||
| 650 |
_aCiencia física _934466 |
||
| 942 |
_2ddc _cLIBROS |
||
| 945 |
_arjall _d2019-04-27 |
||